Biggest Cities Near Philadelphia - Statistics

General Stats
  • This quiz has been taken 33 times
  • The average score is 6 of 10
Answer Stats
Pop. Distance City % Correct
576,498 88 mi. Baltimore
96%
8,467,513 77 mi. New York City
96%
670,050 110 mi. Washington D.C.
93%
311,549 75 mi. Newark
89%
292,449 78 mi. Jersey City
79%
211,569 94 mi. Yonkers
50%
159,467 118 mi. Alexandria
43%
238,643* 117 mi. Arlington
36%
137,298 70 mi. Elizabeth
29%
159,732 85 mi. Paterson
25%
No matching quizzes found
Score Distribution
Percent of People with Each Score
Percentile by Number Answered
Your Score History
You have not taken this quiz